000
00220 a2200097 4500
001
44573
100
_a
Eary
245
_a
Process Engineering for Manufacturing
260
_a
N J
_b
Prentice-Hall
_c
090
_c
28300
_d
28300
942
_a
NUST-CAE
_c
M
_c
20337
999
_c
279646
_d
279646